| 000 | 00343nam a22001337a 4500 | ||
|---|---|---|---|
| 020 | _a0198274610 | ||
| 082 | _a352.00720 SHA | ||
| 100 |
_aSharpe,L.J _95574 |
||
| 245 | _aDoes Politics Matter?:The determinants of public policy | ||
| 260 |
_aOxford _bOxford University Press _c1984 |
||
| 300 | _a249p. | ||
| 500 | _aIncludes Index | ||
| 942 | _cBK | ||
| 999 |
_c20847 _d20847 |
||